00733nam a2200241 a 4500001001300000003000900013005001700022008004100039020002400080082001600104100002700120245003900147260004300186300000900229500003500238505001000273650002000283700002700303902000800330942000700338952013100345999001500476nice12345678IN_TiNIC20260116013052.0050524s1977 lona grp 000 0 eng  a0415376 c155700a305.42bMEY aMeyers, Diana Tietjans aFeminist Social Thoughtb a Reader aLondon bRoutledge Chapman Hall c1977 a772p aincludes index and biblioraphy2 aIndex aWomen-Sociology1 aMeyers, Diana Tietjans bSRS cBK 001040708StackRoom-aHMIbHMId2008-04-16g1557.00l1o305.42 MEYp019375r2018-08-13s2018-08-03v1557.00w2005-05-24yBK c9521d9521